000 02710cab a2200277 ab4500
005 20241028120145.0
008 991125c2016 sp tr p o 000 0 spa d
035 _aUPN01000228280
040 _aMX-MxUPN
_bspa
_cMX-MxUPN
_eaacr2
049 _aART-E
100 1 _aLópez Hernáez, Lara
_6- llopezhernaez@ucam.edu
245 0 0 _aTécnicas mindfulness en centros educativos :
_bdesarrollo académico y personal de sus participantes
506 0 _aAcceso abierto
520 3 _aEl objetivo de Mindfulness es despertar la atención consciente en el momento presente y alcanzar así mayores niveles de bienestar físico y mental. Su estudio y puesta en práctica ha tenido fines terapéuticos en ambientes clínicos, sin embargo es algo novedoso en contextos educativos. En este trabajo se describe la metodología del proyecto “.b” que utiliza técnicas Mindfulness con alumnado de secundaria, a través de nueve sesiones donde se realizan actividades que ayudan a mantener la atención en las sensaciones corporales en diferentes situaciones –al respirar, comer, sentarse, tumbarse o andar–. El material está formado por fichas que entrenan una mente dispersa, la calma, el reconocimiento de negatividad y preocupación y como vivir con las dificultades sin rechazarlas. Una revisión de estudios acerca de la implementación de programas Mindfulness, obtienen resultados muy positivos en el desarrollo personal y académico del alumnado. Los profesores también han mostrado disminución de agotamiento, aumento de compasión, mejoras en la organización del aula, en tareas de equipo y en interacciones con alumnos. Su implementación en las escuelas es más eficaz entre alumnado de alto riesgo, con una práctica a largo plazo, con la implicación de familiares y cuando los profesores están formados y mantienen continuidad en su propia práctica. Para garantizar el éxito y calidad de estos programas, se apuesta por una investigación aplicable y de calidad –alto número de participantes, implicación de toda la comunidad educativa, comparación longitudinal de resultados en diferentes países y culturas y la creación de instrumentos específicos para cada programa-. REOP
653 0 _aMindfulness
653 0 _aFormación docente
653 0 _aComunidad educativa
653 0 _aRendimiento académico
653 0 _aDesarrollo personal
773 _gVol. 27, no. 1 (2016), p. 134-146
_tREOP: revista española de orientación y psicopedagogía
_x1989-7448
856 4 _uhttps://revistas.uned.es/index.php/reop/article/view/17033
856 4 _uhttps://doi.org/10.5944/reop.vol.27.num.1.2016.17033
902 _aLeonor Sotres/251024
905 _aArticulo
942 _cART-E
999 _c200375
_d200375